<?xml version="1.0" encoding="UTF-8"?>
<record
    xmlns:xsi="http://www.w3.org/2001/XMLSchema-instance"
    xsi:schemaLocation="http://www.loc.gov/MARC21/slim http://www.loc.gov/standards/marcxml/schema/MARC21slim.xsd"
    xmlns="http://www.loc.gov/MARC21/slim">

  <leader>02091nam a2200349 a 4500</leader>
  <controlfield tag="001">000038423</controlfield>
  <controlfield tag="003">DO-SdBNP</controlfield>
  <controlfield tag="005">20260415175501.0</controlfield>
  <controlfield tag="008">100224s2012    dr            001 0 spa d</controlfield>
  <datafield tag="020" ind1=" " ind2=" ">
    <subfield code="z">9789945856637</subfield>
  </datafield>
  <datafield tag="040" ind1=" " ind2=" ">
    <subfield code="a">DO-SdBNP</subfield>
    <subfield code="b">spa</subfield>
    <subfield code="c">BNPHU</subfield>
  </datafield>
  <datafield tag="082" ind1=" " ind2=" ">
    <subfield code="a">343.04</subfield>
    <subfield code="b">R823d, 2012</subfield>
  </datafield>
  <datafield tag="100" ind1="1" ind2=" ">
    <subfield code="a">Ross Bravo, Jaime,</subfield>
    <subfield code="d">1921-</subfield>
    <subfield code="9">36039</subfield>
  </datafield>
  <datafield tag="245" ind1="1" ind2="0">
    <subfield code="a">Derecho tributario sustantivo /</subfield>
    <subfield code="c">Jaime Ross Bravo ; editor Miguel Collado ; presentaci&#xF3;n Mariano Escoto Saba ; pr&#xF3;logo Roberto Leonel Rodr&#xED;guez Estrella.</subfield>
  </datafield>
  <datafield tag="250" ind1=" " ind2=" ">
    <subfield code="a">3&#xAA; ed.</subfield>
  </datafield>
  <datafield tag="260" ind1=" " ind2=" ">
    <subfield code="a">Santo Domingo :</subfield>
    <subfield code="b">Centro de Capacitaci&#xF3;n en Pol&#xED;tica y Gesti&#xF3;n Fiscal (CAPGEFI),</subfield>
    <subfield code="c">2012.</subfield>
  </datafield>
  <datafield tag="300" ind1=" " ind2=" ">
    <subfield code="a">361 p. ;</subfield>
    <subfield code="c">23 cm.</subfield>
  </datafield>
  <datafield tag="490" ind1="1" ind2=" ">
    <subfield code="a">Publicaciones CAPGEFI</subfield>
  </datafield>
  <datafield tag="490" ind1="1" ind2=" ">
    <subfield code="a">Manuales de Finanzas P&#xFA;blicas</subfield>
    <subfield code="v">18</subfield>
  </datafield>
  <datafield tag="504" ind1=" " ind2=" ">
    <subfield code="a">Incluye datos biogr&#xE1;ficos del autor en las solapas de la cubierta.</subfield>
  </datafield>
  <datafield tag="505" ind1="0" ind2=" ">
    <subfield code="t">Noci&#xF3;n general de derecho tributario --</subfield>
    <subfield code="t">Autonom&#xED;a del desarrollo tributario --</subfield>
    <subfield code="t">Divisi&#xF3;n del derecho tributario --</subfield>
    <subfield code="t">Fuentes directas y supletorias del derecho tributario --</subfield>
    <subfield code="a">Codificaci&#xF3;n del derecho tributario --</subfield>
    <subfield code="t">Generalidades del hecho generador de la obligaci&#xF3;n tributaria --</subfield>
    <subfield code="t">Elementos del hecho generador --</subfield>
    <subfield code="t">El objeto de la obligaci&#xF3;n tributaria --</subfield>
    <subfield code="t">La causa de la obligaci&#xF3;n tributaria --</subfield>
    <subfield code="t">Los sujetos de la obligaci&#xF3;n tributaria</subfield>
    <subfield code="t">La determinaci&#xF3;n o liquidaci&#xF3;n de la obligaci&#xF3;n tributaria --</subfield>
    <subfield code="t">Modos de extinguir las obligaciones tributarias --</subfield>
    <subfield code="t">La exenci&#xF3;n tributaria --</subfield>
    <subfield code="t">Privilegios y garant&#xED;as del cr&#xE9;dito tributario --</subfield>
    <subfield code="t">Ap&#xE9;ndice.</subfield>
  </datafield>
  <datafield tag="590" ind1=" " ind2=" ">
    <subfield code="a">Inventariado, 2018/VM</subfield>
  </datafield>
  <datafield tag="650" ind1=" " ind2="0">
    <subfield code="a">Impuestos </subfield>
    <subfield code="x">Leyes y legislaci&#xF3;n</subfield>
    <subfield code="9">9338</subfield>
  </datafield>
  <datafield tag="650" ind1=" " ind2="4">
    <subfield code="a">Procedimiento tributario</subfield>
    <subfield code="9">8289</subfield>
  </datafield>
  <datafield tag="700" ind1="1" ind2=" ">
    <subfield code="a">Collado, Miguel A.,</subfield>
    <subfield code="d">1954-</subfield>
    <subfield code="e">ed.</subfield>
    <subfield code="9">24696</subfield>
  </datafield>
  <datafield tag="700" ind1="1" ind2=" ">
    <subfield code="a">Escoto Saba, Mariano,</subfield>
    <subfield code="e">present.</subfield>
    <subfield code="9">36042</subfield>
  </datafield>
  <datafield tag="700" ind1="1" ind2=" ">
    <subfield code="a">Rodr&#xED;guez Estrella, Roberto Leonel,</subfield>
    <subfield code="e">pr&#xF3;l.</subfield>
    <subfield code="9">36043</subfield>
  </datafield>
  <datafield tag="710" ind1="1" ind2=" ">
    <subfield code="a">Centro de Capacitaci&#xF3;n en Pol&#xED;tica y Gesti&#xF3;n Fiscal (Rep&#xFA;blica Dominicana)</subfield>
    <subfield code="9">64770</subfield>
  </datafield>
  <datafield tag="830" ind1=" " ind2="0">
    <subfield code="a">Publicaciones CAPGEFI</subfield>
    <subfield code="p">Manuales de Finanzas P&#xFA;blicas</subfield>
    <subfield code="n">18</subfield>
    <subfield code="9">64771</subfield>
  </datafield>
  <datafield tag="910" ind1=" " ind2=" ">
    <subfield code="a">Validado. Control de calidad EMS.</subfield>
  </datafield>
  <datafield tag="942" ind1=" " ind2=" ">
    <subfield code="2">ddc</subfield>
    <subfield code="c">LBS1</subfield>
  </datafield>
  <datafield tag="952" ind1=" " ind2=" ">
    <subfield code="0">0</subfield>
    <subfield code="1">0</subfield>
    <subfield code="5">2</subfield>
    <subfield code="7">0</subfield>
    <subfield code="8">DS</subfield>
    <subfield code="a">GR</subfield>
    <subfield code="b">GR</subfield>
    <subfield code="c">HD</subfield>
    <subfield code="d">2013-04-11</subfield>
    <subfield code="i">LF1</subfield>
    <subfield code="l">0</subfield>
    <subfield code="o">343.04 R823d, 2012</subfield>
    <subfield code="p">38423-30</subfield>
    <subfield code="r">2020-06-25</subfield>
    <subfield code="t">e. 3</subfield>
    <subfield code="w">2020-06-25</subfield>
    <subfield code="y">LFDS</subfield>
    <subfield code="Z">Pr&#xE9;stamo interno</subfield>
  </datafield>
  <datafield tag="952" ind1=" " ind2=" ">
    <subfield code="0">0</subfield>
    <subfield code="1">0</subfield>
    <subfield code="7">1</subfield>
    <subfield code="8">PD</subfield>
    <subfield code="a">PD</subfield>
    <subfield code="b">PD</subfield>
    <subfield code="c">HD</subfield>
    <subfield code="d">2013-04-11</subfield>
    <subfield code="i">LF1</subfield>
    <subfield code="l">0</subfield>
    <subfield code="o">343.04 R823d, 2012</subfield>
    <subfield code="p">38423-10</subfield>
    <subfield code="r">2020-06-25</subfield>
    <subfield code="w">2020-06-25</subfield>
    <subfield code="y">LFPD</subfield>
    <subfield code="Z">No se presta</subfield>
  </datafield>
  <datafield tag="952" ind1=" " ind2=" ">
    <subfield code="0">0</subfield>
    <subfield code="1">0</subfield>
    <subfield code="7">1</subfield>
    <subfield code="8">PD</subfield>
    <subfield code="a">PD</subfield>
    <subfield code="b">PD</subfield>
    <subfield code="c">HD</subfield>
    <subfield code="d">2013-04-11</subfield>
    <subfield code="i">LF1</subfield>
    <subfield code="l">0</subfield>
    <subfield code="o">343.04 R823d, 2012</subfield>
    <subfield code="p">38423-20</subfield>
    <subfield code="r">2020-06-25</subfield>
    <subfield code="t">e. 2</subfield>
    <subfield code="w">2020-06-25</subfield>
    <subfield code="y">LFPD</subfield>
    <subfield code="Z">No se presta</subfield>
  </datafield>
  <datafield tag="999" ind1=" " ind2=" ">
    <subfield code="c">37913</subfield>
    <subfield code="d">37913</subfield>
  </datafield>
</record>
